000 00667nam a2200205Ia 4500
003 GCL
008 140319s9999 xx 000 0 ara d
040 _aGCL /
_cGCL
082 0 4 _a327.2
_bم م
100 1 _aمحمد بدرالدين مصطفى زايد
245 1 0 _aالمفاوضات الدولية /
_cمحمد بدرالدين مصطفى زايد
260 _a[S.N] :
_bالهيئة المصرية العامة للكتاب ،
_c1991
300 _a218 ص
490 _a
650 0 4 _aالسياسة الدولية
650 0 4 _aالعلاقات الخارجية
650 0 4 _aالدبلوماسية
650 0 4 _aالمفاوضات
942 _2ddc
_cBK
999 _c29959
_d29959